| 000 | 00608nam a22001937a 4500 | ||
|---|---|---|---|
| 999 |
_c197053 _d197053 |
||
| 005 | 20230814101515.0 | ||
| 010 | _aUR-12116 | ||
| 020 |
_a9788196045012 _c350.00 |
||
| 035 | _aU-10671 | ||
| 037 | _bDBAD/PUB | ||
| 082 | _a921 | ||
| 100 | _aالیاس الاعظمی | ||
| 245 |
_aبیان شبلی / _cالیاس الاعظمی |
||
| 246 |
_aBayan-E-Shibli / _bby Ilyas Azmi |
||
| 260 |
_aNew Delhi _bEducational Publishing House _c2023 ء |
||
| 270 |
_aH.O. D1/16, Ansari Road, Darya Ganj _bNew Delhi _e110002 |
||
| 300 |
_a224 ص _c23cm(Hb) |
||
| 942 |
_2ddc _cUR _mا ل ی _e _h921 |
||